000 00643nam a2200145Ia 4500
008 100122s9999 xx 000 0 und d
082 _b52913
_a822
100 _aशेवाळकर राम
245 _aप्रतिज्ञा यौगंधरायण स्वप्नवासवदत्ता
260 _bप्रसाद प्रकाशन
_c1996
300 _a318
630 _aप्रतिज्ञा यौगंधरायण स्वप्नवासवदत्ता
730 _aप्रतिज्ञा यौगंधरायण स्वप्नवासवदत्ता
942 _cBOOK
999 _c430074
_d430071